| 000 | 00642nam a22001937a 4500 | ||
|---|---|---|---|
| 999 |
_c12022 _d12022 |
||
| 003 | AR-CdUCM | ||
| 008 | 190405b ||||| |||| 00| 0 spa d | ||
| 040 |
_aMUNICIPALIDAD PROVINCIAL DEL CUSCO _cBIBLIOTECA MUNICIPAL DEL CUSCO |
||
| 082 |
_aEP / 372.460 / _bR92 _23ed. |
||
| 100 |
_aRuelas Saavedra, Eduardo J. _929674 |
||
| 245 |
_aJuan Carlos : _bLibro de Lectura, Cuarto grado de primaria / |
||
| 260 |
_aLima : _bEscuela Nueva. |
||
| 300 |
_a126 páginas ; _bIlustraciones _c20cm |
||
| 505 | _aContenido: Lecturas | ||
| 650 |
_aLecturas _96094 |
||
| 650 |
_aEducación primaria _91561 |
||
| 942 |
_2ddc _cLIBROS |
||
| 945 |
_anom _d2019-04-05 |
||